02377cam a22004095a 4500006001900000008004100019010001700060020001500077020001800092040002800110082002100138100004100159245006600200250001200266260003600278300006200314500002300376504004100399590002000440650005100460650005300511651001000564653002300574856007700597942002400674999001500698952013500713952011900848952011900967952013401086952011901220952013001339952013001469952013001599952011901729952011901848m||||f |||| 00| 0 110706s2006 maua frb 001 0 eng d a 2005000842 a0071244581 a9780071244589 aEG-ScBUEbengcEG-ScBUE04a621.382bKAS2221 aKasap, S. O. 92617210aPrinciples of Electronic Materials and Devices /cS.O. Kasap. a3rd ed. aBoston :bMcGraw-Hill,cc.2006. axiii, 874 p. : bill. ; c24 cm. + e1 CD-ROM (4 3/4 in.) aIndex: p. 864-874. aIncludes bibliographical references. aMohamed Hussein 0aElectric engineeringxMaterials.9261732BUEsh 0aElectric apparatus and appliances.9261742BUEsh 2BUEsh bENGELCcAugust2015413Table of contentsuhttp://www.loc.gov/catdir/toc/ecip056/2005000842.html cBBk621.382KAS2ddc c5344d5344 00102ddc40708 aMAINbMAINc1STd2011-07-06epurchaseg257.80l0o621.382 KASp000006820r2022-08-24 00:00:00v322.25yCDVDWBB 00102ddc40708 aMAINbMAINc1STd2006-11-07epurchasel0o621.382 KASp000007523r2022-08-24 00:00:00yCDVDWBB 00102ddc40708 aMAINbMAINc1STd2011-07-06epurchasel0o621.382 KASp000006821r2022-08-24 00:00:00yCDVDWBB 00102ddc40708BaccahaMAINbMAINc1STd2011-07-06epurchasel4m7o621.382 KASp000021787r2025-07-15 00:00:00s2018-10-21yBB 00102ddc40708BaccahaMAINbMAINc1STd2011-07-06epurchasel0o621.382 KASp000002408r2025-07-15 00:00:00yNB 00102ddc40708 aMAINbMAINc1STd2011-07-06epurchasel4m26o621.382 KASp000018892r2025-07-15 00:00:00s2019-05-28yBB 00102ddc40708 aMAINbMAINc1STd2011-07-06epurchasel5m18o621.382 KASp000006012r2026-01-18 00:00:00s2025-11-05yBB 00102ddc40708 aMAINbMAINc1STd2011-07-06epurchasel4m20o621.382 KASp000006017r2025-07-15 00:00:00s2016-08-04yBB 00102ddc40708 aMAINbMAINc1STd2011-07-06epurchasel0o621.382 KASp000021793r2022-08-24 00:00:00yCDVDWBB 00102ddc40708 aMAINbMAINc1STd2011-07-06epurchasel0o621.382 KASp000018893r2022-08-24 00:00:00yCDVDWNB